Countries Connect by Most Populated Neighbor - Statistics

General Stats
  • This quiz has been taken 55 times
  • The average score is 119 of 152
Answers on the Map
Answers color-coded by a green-red scale on the quiz's map according to % correct below.
 
Answer Stats
Answer % Correct
China
100%
India
100%
Iran
97%
Iraq
97%
Oman
97%
Pakistan
97%
Saudi Arabia
97%
Turkey
97%
United Arab Emirates
97%
Yemen
97%
Jordan
93%
Egypt
93%
Ethiopia
93%
Sudan
93%
Syria
93%
Algeria
90%
Argentina
90%
Bolivia
90%
Brazil
90%
Burundi
90%
Cameroon
90%
Canada
90%
Central African Republic
90%
Chile
90%
Colombia
90%
Costa Rica
90%
Democratic Republic of the Congo
90%
Ecuador
90%
France
90%
Guatemala
90%
Guyana
90%
Honduras
90%
Israel
90%
Kenya
90%
Mexico
90%
Morocco
90%
Nicaragua
90%
Niger
90%
Nigeria
90%
Panama
90%
Paraguay
90%
Peru
90%
Rwanda
90%
South Sudan
90%
Spain
90%
Suriname
90%
Tanzania
90%
Uganda
90%
Uruguay
90%
Venezuela
90%
Austria
87%
Belize
87%
El Salvador
87%
Germany
87%
Hungary
87%
Italy
87%
Poland
87%
Romania
87%
Russia
87%
Switzerland
87%
Ukraine
87%
United States
87%
Albania
83%
Bosnia and Herzegovina
83%
Bulgaria
83%
Croatia
83%
Greece
83%
Kosovo
83%
Liechtenstein
83%
Montenegro
83%
North Macedonia
83%
Serbia
83%
Slovenia
83%
Belarus
80%
Czechia
80%
Estonia
80%
Latvia
80%
Lithuania
80%
Moldova
80%
North Korea
80%
San Marino
80%
Slovakia
80%
South Korea
80%
Vatican
80%
Afghanistan
77%
Armenia
77%
Azerbaijan
77%
Georgia
77%
Kazakhstan
77%
Kyrgyzstan
77%
Tajikistan
77%
Turkmenistan
77%
Uzbekistan
77%
Belgium
73%
Denmark
73%
Finland
73%
Luxembourg
73%
Mongolia
73%
Netherlands
73%
Norway
73%
Sweden
73%
Andorra
63%
Angola
63%
Bangladesh
63%
Benin
63%
Bhutan
63%
Botswana
63%
Brunei
63%
Burkina Faso
63%
Cambodia
63%
Chad
63%
Djibouti
63%
East Timor
63%
Equatorial Guinea
63%
Eritrea
63%
Eswatini
63%
Gabon
63%
Gambia
63%
Ghana
63%
Guinea
63%
Guinea-Bissau
63%
Indonesia
63%
Ivory Coast
63%
Kuwait
63%
Laos
63%
Lebanon
63%
Lesotho
63%
Liberia
63%
Libya
63%
Malawi
63%
Malaysia
63%
Mali
63%
Mauritania
63%
Monaco
63%
Mozambique
63%
Myanmar
63%
Namibia
63%
Nepal
63%
Papua New Guinea
63%
Portugal
63%
Qatar
63%
Republic of the Congo
63%
Senegal
63%
Sierra Leone
63%
Somalia
63%
South Africa
63%
Thailand
63%
Togo
63%
Tunisia
63%
Vietnam
63%
Zambia
63%
Zimbabwe
63%
No matching quizzes found
Score Distribution
Percent of People with Each Score
Percentile by Number Answered
Your Score History
You have not taken this quiz